00445nam a2200181Ia 4500008004100000020001800041050001400059100002000073245002200093245004900115260001500164260001600179260000900195300001400204300002700218300001000245500000800255170918s9999 xx 000 0 und d a9780439389013 bP168 2002 aPallotta, Jerry aApple fractions / cJerry Pallotta ; illustrated by Rob Bolster. aNew York : bScholastic, c2002 aunpaged : bcolored illustration ; c23cm. a490